00331nam a2200109Ia 4500020001800000082001900018245006800037260003300105300001500138650004500153700002300198 a0-08-033408-3 aRR 155.03 ENC; 0aEncyclopedia of human development: theory, research and studies aOxfordbPergamon Pressc1990 axvi, 519p. aDevelopmental psychology - Encyclopedias aThomas, R. Murray